| 000 | 01747nam a2200457 c 4500 | ||
|---|---|---|---|
| 001 | 24579 | ||
| 003 | ES-MaCES | ||
| 005 | 20180131142521.0 | ||
| 007 | cr ||||||||||| | ||
| 008 | 120719s2012 fr d r i000 | eng d | ||
| 020 | _a9789221263258 | ||
| 020 | _a9789221263265 (web pdf) | ||
| 035 | _aCES20120005162m | ||
| 040 |
_aES-MaCES _bspa _cES-MaCES |
||
| 245 | 0 | 0 |
_aGlobal employment trends for youth 2012 _hRecurso electrónico _b: may 2012 _cInternational Labour Office |
| 250 | _a1st ed | ||
| 260 |
_aGeneva _bILO _c2012 |
||
| 300 |
_a1 documento pdf _c(1,06 mb) |
||
| 500 | _aPubl. simultáneamente en español y francés, bajo los tits. respectivamente: Tendencias mundiales del empleo juvenil 2012 ; Tendances mondiales de l'emploi des jeunes 2012 | ||
| 541 | _cGratuito | ||
| 650 | 4 |
_ajoven trabajador _928415 |
|
| 650 | 4 |
_aempleo de jóvenes _929982 |
|
| 650 | 4 |
_adesempleo de jóvenes _929983 |
|
| 650 | 4 |
_afomento del empleo _930270 |
|
| 650 | 4 |
_acrisis económica _927102 |
|
| 650 | 4 |
_aevaluación del impacto _930732 |
|
| 650 | 4 |
_apaís desarrollado _927091 |
|
| 650 | 4 |
_apaís en desarrollo _927092 |
|
| 650 | 4 |
_a2012 _931808 |
|
| 653 | 1 | 0 | _aEmpleo |
| 650 | 4 |
_928300 _apolítica de empleo |
|
| 740 | 0 | 2 | _aTendencias mundiales del empleo juvenil 2012 |
| 740 | 0 | 2 | _aTendances mondiales de l'emploi des jeunes 2012 |
| 787 | 0 | _tTendencias mundiales del empleo juvenil 2012 | |
| 787 | 0 |
_tGlobal employment trends for fouth _w(ES-MaCES)23308 |
|
| 710 | 2 |
_94718 _aOrganización Internacional del Trabajo |
|
| 856 | 4 |
_uhttp://biblioteca.ces.es/repintra/47-29504.pdf _ytexto completo _z[intranet] |
|
| 902 | _aELE PUB. ELECTRONICA | ||
| 942 |
_2CES _cBK _h2.1. |
||
| 999 |
_c24579 _d24579 |
||